| 000 | 00496nam a22001697a 4500 | ||
|---|---|---|---|
| 008 | 230808b |||||||| |||| 00| 0 eng d | ||
| 040 |
_aNational Science Library _cNational Science Library |
||
| 080 | _a543(05) | ||
| 245 | _aAdvances in analytical chemistry and instrumentation | ||
| 260 |
_aNew York: _bJohn-Wiley & Sons Inc, _c1966 |
||
| 300 | _avi, 229p. | ||
| 500 | _a | ||
| 650 | _aChemistry | ||
| 653 | _aRaman spectroscopy | ||
| 700 | _aReilley, Charles N (Ed.) | ||
| 942 |
_2udc _cBK |
||
| 999 |
_c58246 _d58246 |
||